00671nam a22001697a 4500003000900000008004100009040007100050082001700121100003200138245005900170260002500229300002700254505015400281650002400435650002700459650001500486AR-CdUCM190301b ||||| |||| 00| 0 eng d aMUNICIPALIDAD PROVINCIAL DEL CUSCOcBIBLIOTECA MUNICIPAL DEL CUSCO a321.3 /bB18 aBallón Aguirre, Francisco aVoto con identidad :bidiomas oficiales y democracia / aLima :bCipa,c2006. a97 páginas ;c20 cm. aContenido: Los fundamentos: la dignidad dela persona humana y la soberanía pueblo -- El derecho político al sufrago en los idiomas ancestrales... aIdiomas ancestrales aPolítica de sufragio aDemocracia